Especialidades en derecho de familia

Detalles Bibliográficos
Formato: eBook
Lenguaje:español
Publicado: Madrid: Dykinson, 2014
Materias:
Acceso en línea:Acceso restringido

MARC

LEADER 00000nam a22000007a 4500
005 20140715234624.0
007 cr|||| ||||
008 140715s2014 es |||||s|||| 00||0 spa d
020 |a 978-84-9031-927-7 
035 |a 12296 
040 |a vLex 
090 |c 5079  |d 5079 
245 0 0 |a Especialidades en derecho de familia  |h [Recurso electrn̤ico] / 
256 |a Servicio en ln̕ea 
260 |a Madrid:  |b Dykinson,  |c 2014 
300 |a 1 recurso electrn̤ico 
500 |a Esta obra recoge las Ponencias del Congreso de la Asociacin̤ Espaǫla de Abogados de Familia (XXI Jornadas 2014 de la AEAFA); Novedades, Tendencias jurisprudenciales y legislativas en Derecho de Familia. 
506 1 |a Disponible solo en los productos indicados  |d vLex Global  |d vLex Global (Academic Edition, excluding Law Schools)  |d vLex Global (U.S. Academic Edition, Law Schools)  |d vLex Global (U.S. Academic Edition, excluding Law Schools)  |d vLex Global (Academic Edition, Law Schools) 
650 0 4 |a Derecho Civil  |z Espaą 
650 0 4 |a Familia y Sucesiones  |z Espaą 
740 0 |a vLex Libros (Servicio en ln̕ea) 
856 4 0 |u http://vlex.com/source/especialidades-en-derecho-de-familia-12296  |z Acceso restringido 
942 |c BOOK 
999 0 |a Civil Law 
999 0 |a Family and Inheritance